• Sicietà

di Topical Term

Records bibliografici associati: 1

001 - CONTROL NUMBER

  • control field: 61466

003 - CONTROL NUMBER IDENTIFIER

  • control field:

005 - DATE AND TIME OF LATEST TRANSACTION

  • control field: 20250205122828.0

008 - FIXED-LENGTH DATA ELEMENTS

  • fixed length control field: 250205|| aca||aabn | a|a d

040 ## - CATALOGING SOURCE

  • Original cataloging agency:
  • Transcribing agency:

150 ## - HEADING--TOPICAL TERM

  • Topical term or geographic name entry element: Sicietà

670 ## - SOURCE DATA FOUND

  • Source citation: Work cat.: ()360382: Granata Elena (et al.) 61465, La povertà abitativa in una Milano sempre più cara, 2025
CREDITS: SOCIETA' SAN PAOLO Via A.Severo, 58 - ROMA (RM) & PERIODICI SAN PAOLO SRL Via Giotto, 36 MILANO & CISF Via Giotto, 36 MILANO & EDIZIONI SAN PAOLO SRL,  Piazza Soncino, 5 CINISELLO BALSAMO (MI) -- ITALY